000 00469nam a2200181Ia 4500
001 24303
005 20260414151034.0
008 260414t2020||||xx |||||||||||||| ||spa||
041 _aESP
082 _a345.2
_bR78
100 _aRojas Vargas, Fidel
_eAUT
245 0 _aPrisión preventiva y detención preliminar :
_bun estado de la cuestión
260 _c2020
300 _a590 páginas :
_c25 cm.
650 _aDER
654 _aCDE
942 _cLIB
_dJUS
_fJUS
_2ddc
_n
999 _c24303
_d24303